El origen de la vida

Gespeichert in:
Bibliographische Detailangaben
1. Verfasser: Haeckel, Ernesto (VerfasserIn)
Format: Buch
Sprache:Spanisch
Veröffentlicht: Buenos Aires Tor 1950
Schlagworte:
Tags: Tag hinzufügen
Keine Tags, Fügen Sie den ersten Tag hinzu!

MARC

LEADER 00000nam a2200000 a 4500
001 UCP7518
003 CL-VaPUC
008 991217e19500000AG |||||||||||||||||spa|d
082 0 4 |a 577  |b HAE  |2 21 
100 |a Haeckel, Ernesto  |e author  |9 436926 
245 1 3 |a El origen de la vida 
300 |a 126 p 
942 |c BK 
945 |d 19991217 00:00:00  |a rherrera 
260 |a Buenos Aires  |b Tor  |c 1950 
650 0 |a Origen de la vida  |9 262152 
650 7 |a PRIMATES  |2 CL-VaPUC  |9 334898 
650 7 |a ORIGEN DEL HOMBRE  |2 CL-VaPUC  |9 308324 
650 0 |a Filosofía   |9 223554 
650 0 |a Evolución humana   |9 266935 
583 |a last modification  |c 19991217 00:00:00  |k Rodrigo Vera 
999 |c 284641  |d 284639 
952 |0 0  |1 0  |4 0  |6 577_000000000000000_HAE_1950  |7 0  |8 A  |9 328800  |a BIBHIS  |b BIBHIS  |d 2019-11-20  |i 1378538  |o 577 HAE 1950  |p 1378538  |r 2025-01-20  |w 2019-11-20  |y BK  |k HIS